| 000 | 00548nam a2200169Ia 4500 | ||
|---|---|---|---|
| 008 | 090201s9999 xx 000 0 und d | ||
| 010 | _aKPL-50080 | ||
| 040 | _bमराठी | ||
| 041 | _aमराठी | ||
| 082 |
_a8183 _b50080 |
||
| 100 | _aसुनीता देशपांडे | ||
| 245 |
_aसंमातर जमीन _cसुनीता देशपांडे |
||
| 260 |
_c2004 _bसन पब्लिकेशन्स |
||
| 300 |
_a95 _bमोठा |
||
| 600 | _aसंमातर जमीन | ||
| 942 | _cBOOK | ||
| 999 |
_c208807 _d208807 |
||